|
|
|
|
| LEADER |
01150aam a22003738a 4500 |
| 001 |
00037082 |
| 005 |
20171026081023.0 |
| 008 |
170424s2017 ||||||Viesd |
| 020 |
# |
# |
|c 6000
|a 978 604 1 08989 1
|
| 041 |
0 |
# |
|a Vie
|
| 082 |
1 |
4 |
|a 915.977 9
|b Đ301L
|
| 100 |
1 |
# |
|a Nguyễn, Nghị
|
| 245 |
1 |
0 |
|a Địa lý học: Tự nhiên, Kinh tế & Lịch sử Nam kỳ
|c Nguyễn Nghị; Nguyễn Thanh Long
|b Chuyên khảo về tỉnh Gia Định
|n T.3 (1902)
|
| 260 |
# |
# |
|a Tp. Hồ Chí Minh
|b Trẻ
|c 2017
|
| 300 |
# |
# |
|a 190 tr.
|c 23 cm.
|b ảnh màu
|
| 490 |
# |
# |
|a ĐTTS: Hội nghiên cứu Đông Dương
|
| 653 |
# |
# |
|a Gia Định
|
| 653 |
# |
# |
|a Lịch sử
|
| 653 |
# |
# |
|a Điều kiện kinh tế
|
| 653 |
# |
# |
|a Địa lí
|
| 700 |
1 |
# |
|a Nguyễn, Thanh Long
|
| 852 |
# |
# |
|b Kho mượn
|j KM.0021051
|
| 852 |
# |
# |
|b Kho đọc
|j KD.0019938
|
| 852 |
# |
# |
|j KD.0019938
|j KM.0021051
|
| 910 |
|
|
|d 24/04/2017
|
| 980 |
# |
# |
|a Trung tâm Học liệu Lê Vũ Hùng, Trường Đại học Đồng Tháp
|